| 000 | 00498nam a22001457a 4500 | ||
|---|---|---|---|
| 005 | 20151210110319.0 | ||
| 008 | 151207b xxu||||| |||| 00| 0 eng d | ||
| 050 |
_aE90.C8 _bB9 |
||
| 100 |
_aBushnell, David Jr _921231 |
||
| 245 |
_aThe choctaw of Bayou Lacomb : _c/ David I Bushnell _bSt. Tammany Parish Louisiana |
||
| 260 |
_aWashington _bGovernament Printing Office _c1909 |
||
| 300 |
_aix, 37p.; _c24cm. |
||
| 440 |
_aBureau of American Ethnology _nBulletin 48 _921306 |
||
| 942 |
_2lcc _cMONOGRAPH |
||
| 999 |
_c123840 _d123840 |
||